Coventry & Solihull Waste Disposal Co v Russell (Valuation Officer) (Record no. 61943)
[ view plain ]
| 000 -LEADER | |
|---|---|
| fixed length control field | 00895cam a2200181 4500 |
| 001 - CONTROL NUMBER | |
| control field | X103074 |
| 008 - FIXED-LENGTH DATA ELEMENTS--GENERAL INFORMATION | |
| fixed length control field | 000000n1999 000 0 eng u |
| 035 ## - SYSTEM CONTROL NUMBER | |
| System control number | (Sirsi) u103074 |
| 245 ## - TITLE STATEMENT | |
| Title | Coventry & Solihull Waste Disposal Co v Russell (Valuation Officer) |
| 260 ## - PUBLICATION, DISTRIBUTION, ETC. | |
| Date of publication, distribution, etc. | 1999 |
| 490 ## - SERIES STATEMENT | |
| Series statement | New Property Cases |
| Volume/sequential designation | [1999] NPC 146, 27 November 1999 |
| 520 ## - SUMMARY, ETC. | |
| Summary, etc. | HL 25 November 1999. Electricity Generators (Rateable Values) Order 1989 construed so as to exclude certain waste destruction plants whose generation of electricity is subordinate to the destruction of waste. TAKEN FROM JOURNAL HEADNOTE - NO PHOTOCOPYING ALLOWED. |
| 650 ## - SUBJECT ADDED ENTRY--TOPICAL TERM | |
| Topical term or geographic name entry element | COVENTRY & SOLIHULL WASTE DISPOSAL CO V RUSSELL (VO) |
| 650 ## - SUBJECT ADDED ENTRY--TOPICAL TERM | |
| Topical term or geographic name entry element | ELECTRICITY GENERATORS (RATEABLE VALUES) ORDER 1989 |
| 650 ## - SUBJECT ADDED ENTRY--TOPICAL TERM | |
| Topical term or geographic name entry element | ELECTRICITY INDUSTRY (RATEABLE VALUES) (AMENDMENT) ORDER 1991 |
| 690 ## - LOCAL SUBJECT ADDED ENTRY--TOPICAL TERM (OCLC, RLIN) | |
| Topical term or geographic name as entry element | RATING AND VALUATION-CASE LAW |
| 942 ## - ADDED ENTRY ELEMENTS (KOHA) | |
| Suppress in OPAC | 0 |
| Withdrawn status | Lost status | Source of classification or shelving scheme | Damaged status | Not for loan | Home library | Current library | Shelving location | Date acquired | Total Checkouts | Full call number | Barcode | Date last seen | Copy number | Price effective from | Koha item type |
|---|---|---|---|---|---|---|---|---|---|---|---|---|---|---|---|
| Dewey Decimal Classification | London | London | Journal article | 09/12/1999 | X103074 | 103074-1001 | 06/08/2019 | 1 | 06/08/2019 | Law report |